00522nmm a2200169Ia 4500008004100000020001800041041000800059100003100067245006700098264005200165300001800217490001300235650002900248856005100277942000700328999001700335251105s9999||||xx |||||||||||||||||und|| a9788481099324 aspa aGarcía Cárcel, Ricardo 0aLa herencia del pasado : Las memorias históricas de España a[Madrid, España] :bGalaxia Gutenberg, c2011 a768 páginas aHistoria aHistory of Europe: Spain uhttps://public.digitaliapublishing.com/a/28824 cCF c85815d85815